Loading...
Charithravum Samskaravum
| Hovedforfatter: | |
|---|---|
| Format: | Printed Book |
| Sprog: | Malayalam |
| Udgivet: |
kozhikode
Poorna publications
1971
|
| LEADER | 00429nam a2200121Ia 4500 | ||
|---|---|---|---|
| 008 | 111205s9999 xx 000 0 mal d | ||
| 100 | |a Raveendran ,T.K. | ||
| 245 | |a Charithravum Samskaravum |c Raveendran ,T.K. | ||
| 260 | |b Poorna publications |a kozhikode |c 1971 | ||
| 300 | |a 80 | ||
| 942 | |c BK | ||
| 999 | |c 213683 |d 213683 | ||
| 952 | |0 0 |1 0 |4 0 |6 S_10R4 |7 0 |9 236296 |a MAL |b MAL |c SEC |d 2006-10-12 |g 2.00 |l 0 |o S10R4 |p MAL19643 |r 2015-04-13 |v 2.00 |w 2015-04-13 |y BK |k 1.00 | ||